[Event "EU Union-ch U14"]
[Site "Kouty nad Desnou"]
[Date "2017.08.26"]
[Round "8"]
[White "Fiszer, Jakub"]
[Black "Bandza, Rokas"]
[Result "1/2-1/2"]
[WhiteElo "1286"]
[BlackElo "1588"]
[PlyCount "159"]
[EventDate "2017.08.19"]
[EventType "swiss"]
[EventRounds "9"]
[EventCountry "CZE"]
[SourceTitle "CBM 180 Extra"]
[Source "ChessBase"]
[SourceDate "2017.10.06"]
[SourceVersion "1"]
[SourceVersionDate "2017.10.06"]
[SourceQuality "1"]

1. e4 e6 2. d4 d5 3. Nc3 Nf6 4. e5 Nfd7 5. f4 c5 6. Nf3 Nc6 7. Be3 cxd4 8. Nxd4 Bc5 9. Be2 a6 10. a3 Qc7 11. Qd2 b5 12. Rd1 Bb7 13. 0-0 Bxd4 14. Bxd4 Nb6 15. Bxb5 0-0 16. Bxc6 Bxc6 17. b3 Nd7 18. a4 Rfc8 19. Ne2 Rab8 20. Rb1 Rb7 21. Nc3 Rcb8 22. Rbc1 h6 23. Qe3 Qa5 24. Ne2 Rc8 25. Bc3 Qc7 26. Bd4 Qb8 27. Ng3 Qc7 28. f5 Rb4 29. fxe6 fxe6 30. Rb1 Rcb8 31. Ne2 Bxa4 32. Nf4 Nf8 33. Nd3 R4b7 34. Nc5 Bb5 35. Rf3 Rb6 36. Rf2 Rc6 37. b4 Bc4 38. c3 Ng6 39. Qg3 Ne7 40. Qf4 Rxc5 41. Bxc5 Qxc5 42. Qf8+ Rxf8 43. bxc5 Nc6 44. Rb6 Rxf2 45. Kxf2 Nxe5 46. c6 Nxc6 47. Rxc6 e5 48. Ke3 Kh7 49. h4 a5 50. Rc5 a4 51. Ra5 Bb3 52. Ra6 Kg8 53. Ra7 Kf8 54. Kd2 Kg8 55. Ke3 Kh8 56. Kd2 Kh7 57. h5 Kh8 58. Ke2 Kg8 59. Ke3 Bc2 60. Kd2 Bb3 61. g3 Kf8 62. Kc1 e4 63. Kd2 Kg8 64. g4 Kh8 65. Ke3 Bd1 66. Kf4 Kg8 67. Kg3 Kf8 68. Rd7 a3 69. Rxd5 Bb3 70. Ra5 a2 71. Kf4 Bd5 72. Ra7 Ke8 73. Ke3 Kd8 74. Kd4 Be6 75. Kxe4 Bxg4 76. Rxa2 Bxh5 77. Rg2 g6 78. Rh2 Ke7 79. Rxh5 gxh5 80. Kf4 1/2-1/2

[Event "EU Union-ch U14"]
[Site "Kouty nad Desnou"]
[Date "2017.08.24"]
[Round "6"]
[White "Gupta, Utkarsh1111"]
[Black "Fiszer, Jakub"]
[Result "1-0"]
[WhiteElo "1678"]
[BlackElo "1286"]
[PlyCount "201"]
[EventDate "2017.08.19"]
[EventType "swiss"]
[EventRounds "9"]
[EventCountry "CZE"]
[SourceTitle "CBM 180 Extra"]
[Source "ChessBase"]
[SourceDate "2017.10.06"]
[SourceVersion "1"]
[SourceVersionDate "2017.10.06"]
[SourceQuality "1"]

1. e4 e5 2. Nf3 Nc6 3. Bc4 Bc5 4. d3 h6 5. Nc3 Nf6 6. h3 d6 7. Be3 Bb6 8. Qd2 Be6 9. Bb3 Qd7 10. Bxb6 axb6 11. Bxe6 Qxe6 12. a3 g5 13. Ne2 Nh5 14. g4 Nf4 15. Nxf4 gxf4 16. Nh4 Ne7 17. Nf5 Nxf5 18. gxf5 Qf6 19. 0-0-0 Rg8 20. Rdg1 Kd7 21. f3 Rg5 22. Rg2 Rag8 23. Rhg1 h5 24. Qf2 Ke7 25. Kd2 h4 26. Rg4 Rxg4 27. fxg4 Qh6 28. Kc3 c5 29. b4 Kd7 30. bxc5 bxc5 31. Rb1 Kc6 32. Kb2 f6 33. Qd2 Ra8 34. Qc3 Qf8 35. Qc4 Qg8 36. Qc3 b5 37. Kc1 Qg5 38. Kd1 f3 39. Qd2 Qxd2+ 40. Kxd2 Rxa3 41. Rf1 c4 42. Rxf3 c3+ 43. Ke3 Ra2 44. Rf1 d5 45. Rc1 d4+ 46. Kf3 Ra8 47. Rg1 Rg8 48. Ra1 Kb6 49. Ra3 Kb7 50. Ra1 Kb6 51. Rg1 Rg5 52. Rb1 Rg8 53. Ke2 Kc6 54. Rg1 b4 55. Rb1 Kb5 56. Ra1 Rh8 57. Ra7 Rh6 58. Rf7 Kc6 59. Kd1 Kb5 60. Kc1 Ka4 61. Ra7+ Kb5 62. Kb1 Kb6 63. Re7 Kb5 64. Re6 b3 65. cxb3 Kb4 66. g5 Rh8 67. g6 Kxb3 68. Rxf6 c2+ 69. Kc1 Ra8 70. Rb6+ Kc3 71. Rc6+ Kxd3 72. Rxc2 Kxe4 73. Rf2 Ke3 74. f6 Kxf2 75. f7 Rf8 76. g7 Rxf7 77. g8Q Rf3 78. Qg4 d3 79. Kd2 Rf4 80. Qg5 Re4 81. Qf5+ Rf4 82. Qxe5 Rf3 83. Qe6 Kg2 84. Qe4 Kg3 85. Qg4+ Kf2 86. Qxh4+ Kg2 87. Qe4 Kg3 88. Qg4+ Kf2 89. h4 Rg3 90. Qxg3+ Kxg3 91. h5 Kf4 92. h6 Ke5 93. h7 Ke4 94. h8Q Kd5 95. Kxd3 Kc5 96. Qd4+ Kc6 97. Kc4 Kc7 98. Kb5 Kb7 99. Qg7+ Kc8 100. Kc6 Kd8 101. Qd7# 1-0

[Event "POL-chT U20 2nd League"]
[Site "Szczyrk"]
[Date "2017.07.30"]
[Round "11.40"]
[White "Anyz, Monika"]
[Black "Fiszer, Jakub"]
[Result "1/2-1/2"]
[WhiteElo "1273"]
[BlackElo "1258"]
[PlyCount "72"]
[EventDate "2017.07.22"]
[EventType "team-swiss"]
[EventRounds "11"]
[EventCountry "POL"]
[SourceTitle "EXT 2019"]
[Source "ChessBase"]
[SourceDate "2018.10.10"]
[SourceVersion "1"]
[SourceVersionDate "2018.10.10"]
[SourceQuality "1"]

1. e4 e5 2. Nf3 Nc6 3. d4 exd4 4. Nxd4 Bc5 5. Be3 Qf6 6. c3 Nge7 7. Bc4 Bb6 8. 0-0 0-0 9. Re1 d6 10. Nf3 Bg4 11. Nbd2 Ne5 12. Bg5 Qxg5 13. Nxg5 Bxd1 14. Raxd1 h6 15. Ngf3 N7g6 16. Nxe5 Nxe5 17. Be2 c6 18. Nc4 Nxc4 19. Bxc4 Rad8 20. h3 Rfe8 21. Kf1 Kf8 22. f3 f6 23. Rd3 Bc7 24. Red1 b5 25. Bb3 c5 26. c4 a6 27. Rd5 Re5 28. Rxe5 dxe5 29. Rxd8+ Bxd8 30. Ke2 Ke7 31. cxb5 axb5 32. Bd5 Kd6 33. b3 Ba5 34. Kd3 Bb6 35. Bf7 Ke7 36. Bd5 Ke8 1/2-1/2

[Event "POL-chT U20 2nd League"]
[Site "Szczyrk"]
[Date "2017.07.26"]
[Round "6.22"]
[White "Fiszer, Jakub"]
[Black "Eigner, Jerzy"]
[Result "1/2-1/2"]
[WhiteElo "1258"]
[BlackElo "1202"]
[PlyCount "114"]
[EventDate "2017.07.22"]
[EventType "team-swiss"]
[EventRounds "11"]
[EventCountry "POL"]
[SourceTitle "EXT 2019"]
[Source "ChessBase"]
[SourceDate "2018.10.10"]
[SourceVersion "1"]
[SourceVersionDate "2018.10.10"]
[SourceQuality "1"]

1. e4 c5 2. Nf3 a6 3. d4 cxd4 4. Nxd4 Nf6 5. Nc3 e5 6. Nf3 Bb4 7. Qd3 0-0 8. Bg5 Nc6 9. Be2 b5 10. Bd2 Bb7 11. 0-0 Bc5 12. Be3 Nb4 13. Qd2 Bxe3 14. fxe3 Qb6 15. a3 Nc6 16. Bd3 Rad8 17. Kh1 d5 18. exd5 Nxd5 19. Nxd5 Rxd5 20. Bxh7+ Kxh7 21. Qxd5 f6 22. Qd3+ Kg8 23. Rad1 Ne7 24. Qd6 Nc6 25. Nxe5 Re8 26. Ng4 Qd8 27. Qxd8 Nxd8 28. Rd7 f5 29. Rfd1 Nc6 30. Rxb7 fxg4 31. Rb6 Na5 32. Rxa6 Nc4 33. b3 Nxe3 34. Re1 Rd8 35. Kg1 Nxc2 36. Re2 Nd4 37. Kf2 Nxe2 38. Kxe2 Re8+ 39. Kf2 Rc8 40. Rb6 Rc2+ 41. Kg3 Rc3+ 42. Kxg4 Rxb3 43. h4 Rxa3 44. Rxb5 Ra4+ 45. Kh3 Kh7 46. Rb6 Ra3+ 47. g3 Ra4 48. h5 Ra5 49. g4 Ra3+ 50. Kh4 Ra4 51. Rb7 Ra5 52. Rf7 Kh6 53. Rf8 Kh7 54. g5 Ra4+ 55. Kg3 Ra3+ 56. Kg4 Ra4+ 57. Rf4 Ra7 1/2-1/2

[Event "POL-chT U20 2nd League"]
[Site "Szczyrk"]
[Date "2017.07.24"]
[Round "4.58"]
[White "Szuber, Dawid"]
[Black "Fiszer, Jakub"]
[Result "0-1"]
[WhiteElo "1333"]
[BlackElo "1258"]
[PlyCount "131"]
[EventDate "2017.07.22"]
[EventType "team-swiss"]
[EventRounds "11"]
[EventCountry "POL"]
[SourceTitle "EXT 2019"]
[Source "ChessBase"]
[SourceDate "2018.10.10"]
[SourceVersion "1"]
[SourceVersionDate "2018.10.10"]
[SourceQuality "1"]

1. e4 e5 2. Nf3 Nc6 3. Bb5 Nge7 4. Nc3 g6 5. 0-0 Bg7 6. d3 0-0 7. Be3 d6 8. h3 Bd7 9. Bxc6 Nxc6 10. Qd2 f5 11. Bg5 Bf6 12. Bxf6 Rxf6 13. Nd5 Rf7 14. Qg5 Qxg5 15. Nxg5 Rff8 16. Nxc7 Rac8 17. Nd5 h6 18. Nf3 fxe4 19. dxe4 Be6 20. Nc3 a6 21. a3 Ne7 22. Rad1 Rcd8 23. Rd2 Bxh3 24. Ne1 Be6 25. Nd3 Nc6 26. Ne2 d5 27. exd5 Bxd5 28. Rfd1 Bc4 29. Nec1 b6 30. Re1 Rfe8 31. Rde2 Kg7 32. b3 Bxd3 33. Nxd3 Kf6 34. f4 Rd5 35. Re4 Re7 36. fxe5+ Nxe5 37. Rf1+ Kg7 38. Rfe1 Kf6 39. Nb4 Rd2 40. Rf1+ Kg7 41. Rf2 Rd1+ 42. Rf1 Rd2 43. Rfe1 Kf6 44. Rf4+ Kg5 45. Rfe4 Kf6 46. c4 Kf5 47. g4+ Kf6 48. Nd5+ Rxd5 49. cxd5 Nf3+ 50. Kf2 Nxe1 51. Rxe1 Rxe1 52. Kxe1 Ke5 53. Ke2 Kxd5 54. Kd3 h5 55. gxh5 gxh5 56. Ke3 b5 57. a4 bxa4 58. bxa4 Kc4 59. Kf4 Kb4 60. Kg5 Kxa4 61. Kxh5 Kb3 62. Kg4 a5 63. Kf3 a4 64. Ke2 a3 65. Kd1 a2 66. Ke1 0-1